logo

Bir Sreshtho Munshi Abdur Rouf Library
Jhenaidah Cadet College

The chronicles of Narnia / (Record no. 10686)

MARC details
000 -LEADER
fixed length control field 00754nam a2200265 a 4500
001 - CONTROL NUMBER
JCCL Control Number 10686
003 - CONTROL NUMBER IDENTIFIER
JCCL marc code BD-JhCC
005 - DATE AND TIME OF LATEST TRANSACTION
control field 20191031134007.0
008 - FIXED-LENGTH DATA ELEMENTS--GENERAL INFORMATION
fixed length control field 070116s20101950nyua j 000 1 eng
020 ## - INTERNATIONAL STANDARD BOOK NUMBER
International Standard Book Number 9780007421671
035 ## - SYSTEM CONTROL NUMBER
system control number (BD-JhCC)10686
040 ## - CATALOGING SOURCE
Original cataloging agency DLC
Transcribing agency DLC
Modifying agency BD-JhCC
041 ## - LANGUAGE CODE
Language code of Book eng
050 00 - LIBRARY OF CONGRESS CALL NUMBER
Classification number PZ7
Item number .C45834 2007
082 00 - DEWEY DECIMAL CLASSIFICATION NUMBER
Classification number 823.912
DDC Edition number 22
Author mark and Year LEW 2010
100 ## - MAIN ENTRY--PERSONAL NAME
Personal name Lewis, C. S.
Fuller form of name Clive Staples
245 04 - TITLE STATEMENT
Title The chronicles of Narnia /
Statement of responsibility, etc C.S. Lewis and ill. by Pauline Baynes
260 ## - PUBLICATION, DISTRIBUTION, ETC. (IMPRINT)
Place of publication, distribution, etc New York, NY :
Name of publisher, distributor, etc HarperCollins,
Date of publication, distribution, etc 2010.
300 ## - PHYSICAL DESCRIPTION
Pagination 766 p. :
Other physical details ill. ;
Dimensions 26 cm.
500 ## - GENERAL NOTE
General note Cover title.
650 #0 - SUBJECT ADDED ENTRY--TOPICAL TERM
Topical term or geographic name as entry element Fantasy fiction, English
650 #0 - SUBJECT ADDED ENTRY--TOPICAL TERM
Topical term or geographic name as entry element Narnia (Imaginary place)
700 ## - ADDED ENTRY--PERSONAL NAME
Personal name Baynes, Pauline
942 ## - ADDED ENTRY ELEMENTS (KOHA)
Source of classification or shelving scheme Dewey Decimal Classification
Koha item type Books
Koha issues (borrowed), all copies 3
Holdings
Source of classification or shelving scheme Damaged status Not for loan Home library Current library Shelving location Date of accession Cost, normal purchase price Total Checkouts Full call number Barcode Date last seen Date checked out Copy number Koha item type
Dewey Decimal Classification     JCC Rouf Library JCC Rouf Library General Stacks 08/08/2018 16.99 9 823.912 LEW 2010 14189 01/18/2026 10/07/2025 C-1 Books

JCC Library | Contacts | JCC Home

Last Update on 23 September 2017
Copyright @ 2017-2020 JCC Rouf Library
Rouf Library, Jhenidah Cadet College (JCC), Bangladesh